000 00758cam a2200193 4500
001 ABS66296
008 021218n2002 000 0 eng u
035 _a(Sirsi) u120832
100 _aButler, D
245 _aCollapse of the rural economy
260 _c2002
490 _aAccountancy
_v 130(1312) December 2002, 72-74(3)
520 _aLooks at the problems facing the countryside and its employees. The farming economy is in a downward spiral after a series of high-profile problems, such as BSE, and foot and mouth disease. Solutions suggested include diversification, conversion to organic farming, with accompanying premiums and grants.
590 _aABS
650 _aFARMING
650 _aCOUNTRYSIDE
690 _aRURAL-MARKET
942 _n0
999 _c71812
_d71812